Fr. Conceicao Rodrigues College of Engineering

Instrument tranducers (Record no. 27382)

MARC details
000 -LEADER
fixed length control field 00324nam a2200157Ia 4500
082 ## - DEWEY DECIMAL CLASSIFICATION NUMBER
Classification number 621.314
Item number NEU
100 ## - MAIN ENTRY--PERSONAL NAME
Personal name Neuman/R.P
250 ## - EDITION STATEMENT
Edition statement 2
245 ## - TITLE STATEMENT
Title Instrument tranducers
260 ## - PUBLICATION, DISTRIBUTION, ETC.
Name of publisher, distributor, etc. Oxford university press
Date of publication, distribution, etc. 2003
366 ## - TRADE AVAILABILITY INFORMATION
Publishers's discount category 15
300 ## - PHYSICAL DESCRIPTION
Extent 348
546 ## - LANGUAGE NOTE
Language note ENGLISH
654 ## - SUBJECT ADDED ENTRY--FACETED TOPICAL TERMS
Focus term instrument
942 ## - ADDED ENTRY ELEMENTS (KOHA)
Koha item type BOOK
Holdings
Withdrawn status Lost status Damaged status Not for loan Collection Home library Current library Date acquired Source of acquisition Cost, normal purchase price Inventory number Total Checkouts Full call number Barcode Date last seen Cost, replacement price Price effective from Koha item type
        CRC Fr. Agnel's C.Rodrigues College of Engineering Fr. Agnel's C.Rodrigues College of Engineering 17/03/2023 Jaico Book House 123.25 3484 dt 09/09/2004   621.314 NEU 15210 17/03/2023 145.00 09/09/2004 BOOK
        CRC Fr. Agnel's C.Rodrigues College of Engineering Fr. Agnel's C.Rodrigues College of Engineering 17/03/2023 Jaico Publishing House 123.25 3484 dt 09/09/2004   621.314 NEU 15211 17/03/2023 145.00 09/09/2004 BOOK
        CRC Fr. Agnel's C.Rodrigues College of Engineering Fr. Agnel's C.Rodrigues College of Engineering 17/03/2023 Jaico Publishing House 123.25 3484 dt 09/09/2004   621.314 NEU 15212 17/03/2023 145.00 09/09/2004 BOOK
        CRC Fr. Agnel's C.Rodrigues College of Engineering Fr. Agnel's C.Rodrigues College of Engineering 17/03/2023 Jaico Publishing House 123.25 3484 dt 09/09/2004   621.314 NEU 15213 17/03/2023 145.00 09/09/2004 BOOK